000 00511nam a22001937a 4500
003 OSt
005 20140310184528.0
008 131024t xxu||||| |||| 00| 0 eng d
020 _a1420631381
050 _aLB 1576
_b.H264 2005
100 _aHart, Melissa
_928819
245 _a101 ways to love a work /
_cMelissa Hart.
260 _aUSA :
_bTeacher Created Resources, Inc.,
_c2005.
300 _a112 p. :
_bill. ;
_c28 cm.
521 _aG6
526 _c830
942 _2lcc
_cBK-SCHOLAS
999 _c35173
_d35173